Our ocean role /

Bibliographic Details
Corporate Author: United States. Minerals Management Service
Format: Government Document Book
Language:English
Published: Washington, D.C. : U.S. Dept. of the Interior, Minerals Management Service, [2007?]
Subjects:
Online Access:https://purl.fdlp.gov/GPO/LPS94710

MARC

Tag First Indicator Second Indicator Subfields
LEADER 00000cam a2200000Ka 4500
001 in00002410621
005 20211129160238.0
006 m d f
008 080528s2007 dcu s f000 0 eng d
035 |a (OCoLC)ocn229183977 
040 |a GPO  |c GPO  |d MvI  |d UtOrBLW 
049 |a WWW 
074 |a 0671-C (online) 
086 0 |a I 72.2:OC 2 
110 1 |a United States.  |b Minerals Management Service. 
245 1 0 |a Our ocean role /  |c Minerals Management Service. 
264 1 |a Washington, D.C. :  |b U.S. Dept. of the Interior, Minerals Management Service,  |c [2007?] 
300 |a iii, 45 pages :  |b digital, PDF file. 
336 |a text  |b txt  |2 rdacontent 
337 |a computer  |b c  |2 rdamedia 
338 |a unspecified  |b zu  |2 rdacarrier 
538 |a Mode of access: Internet from the MMS web site. Address as of 5/28/08: http://www.mms.gov/ooc/newweb/publications/OurOceanRoleMMS.pdf ; current access via PURL. 
500 |a Title from title screen (viewed on May 28, 2008). 
500 |a Electronic resource. 
610 1 0 |a United States.  |b Minerals Management Service. 
650 0 |a Offshore oil and gas leases  |z United States. 
856 4 0 |u https://purl.fdlp.gov/GPO/LPS94710  |t 0 
999 |a MARS 
999 f f |s 315a56b7-eb51-30d1-824c-fc2ecb81a4cd  |i 884fd760-783b-311a-bff7-674f33c118f2  |t 0 
952 f f |a Texas A&M University  |b College Station  |c Electronic Resources  |d Available Online  |t 0  |e I 72.2:OC 2  |h Superintendent of Documents classification 
998 f f |a I 72.2:OC 2  |t 0  |l Available Online